Loading...
| Science - Physics | 0 | 5 | 2 | 1 | 40 | 76 | 109.20 | 0 | 0 |
| Science - Chemistry | 0 | 4 | 2 | 1 | 30 | 107 | 124.75 | 0 | 0 |
| Science - Biology | 0 | 3 | 0 | 0 | 30 | 107 | 117.67 | 0 | 0 |
| Geography | 0 | 3 | 0 | 0 | 30 | 22 | 69.67 | 0 | 1 |
| Mythology | 0 | 3 | 0 | 1 | 30 | 109 | 121.67 | 0 | 0 |
| Science - Other Science | 0 | 3 | 0 | 0 | 30 | 78 | 104.00 | 0 | 1 |
| Painting & Sculpture | 0 | 2 | 0 | 0 | 20 | 135 | 145.00 | 0 | 0 |
| Literature - World Literature | 0 | 2 | 0 | 0 | 20 | 93 | 111.50 | 0 | 1 |
| Any History | 0 | 1 | 0 | 0 | 10 | 138 | 138.00 | 0 | 0 |
| Fine Arts - Other Fine Arts | 0 | 1 | 0 | 1 | 10 | 136 | 136.00 | 0 | 0 |
| Religion | 0 | 2 | 3 | 0 | 5 | 45 | 83.00 | 1 | 1 |